|
|
|
|
| LEADER |
00616nta a2200157 i 4500 |
| 001 |
dipl79068 |
| 005 |
20200623113416.0 |
| 008 |
190731s1970 hu om 0|| hun d |
| 040 |
|
|
|a SZTE Diploma Repozitórium
|b hun
|
| 041 |
|
|
|a hun
|
| 100 |
2 |
|
|a Hanczik Mátyásné Szentmiklósi Ágnes
|
| 245 |
1 |
2 |
|a A szóbeli kezdő szakasz jelentősége az orosz nyelv oktatásában
|h [elektronikus dokumentum] /
|c Ágnes Hanczik Mátyásné Szentmiklósi
|
| 260 |
|
|
|c 1970
|
| 650 |
|
4 |
|a Pedagógusképzés
|
| 700 |
1 |
|
|a nincs megadva
|e ths
|
| 856 |
4 |
0 |
|u http://diploma.bibl.u-szeged.hu/id/eprint/79068/1/1970_hanczik_matyasne.pdf
|z Dokumentum-elérés
|